<?xml version="1.0" encoding="UTF-8"?>
<record
    xmlns:xsi="http://www.w3.org/2001/XMLSchema-instance"
    xsi:schemaLocation="http://www.loc.gov/MARC21/slim http://www.loc.gov/standards/marcxml/schema/MARC21slim.xsd"
    xmlns="http://www.loc.gov/MARC21/slim">

  <leader>01875nam0a2200457   4500</leader>
  <controlfield tag="001">RU\NLR\bibl\1361244</controlfield>
  <controlfield tag="005">20250615183656.0</controlfield>
  <datafield tag="010" ind1=" " ind2=" ">
    <subfield code="a">978-5-17-049095-0</subfield>
    <subfield code="b">&#x410;&#x421;&#x422;</subfield>
  </datafield>
  <datafield tag="010" ind1=" " ind2=" ">
    <subfield code="a">978-5-17-049095-0</subfield>
    <subfield code="b">&#x410;&#x441;&#x442;&#x440;&#x435;&#x43B;&#x44C;</subfield>
    <subfield code="9">12000</subfield>
  </datafield>
  <datafield tag="021" ind1=" " ind2=" ">
    <subfield code="a">RU</subfield>
    <subfield code="b">2009-15514</subfield>
    <subfield code="9">920</subfield>
  </datafield>
  <datafield tag="035" ind1=" " ind2=" ">
    <subfield code="a">(nilc)IZD\AST\2007\845575</subfield>
  </datafield>
  <datafield tag="035" ind1=" " ind2=" ">
    <subfield code="a">RSL-KNO-004257206</subfield>
  </datafield>
  <datafield tag="035" ind1=" " ind2=" ">
    <subfield code="a">(NLR Aleph) 001353419</subfield>
  </datafield>
  <datafield tag="090" ind1=" " ind2=" ">
    <subfield code="a">935446</subfield>
    <subfield code="c">935446</subfield>
  </datafield>
  <datafield tag="100" ind1=" " ind2=" ">
    <subfield code="a">20081218d2008    |||y0rusy50      ca</subfield>
  </datafield>
  <datafield tag="101" ind1="1" ind2=" ">
    <subfield code="a">rus</subfield>
    <subfield code="c">ger</subfield>
  </datafield>
  <datafield tag="102" ind1=" " ind2=" ">
    <subfield code="a">RU</subfield>
  </datafield>
  <datafield tag="105" ind1=" " ind2=" ">
    <subfield code="a">a   |||||||||</subfield>
  </datafield>
  <datafield tag="106" ind1=" " ind2=" ">
    <subfield code="a">r</subfield>
  </datafield>
  <datafield tag="200" ind1="1" ind2=" ">
    <subfield code="a">&#x41D;&#x430;&#x448; &#x43C;&#x438;&#x440;</subfield>
    <subfield code="f">[&#x442;&#x435;&#x43A;&#x441;&#x442; &#x414;. &#x424;&#x44D;&#x440;&#x43D;&#x434;&#x43E;&#x43D;, &#x41A;. &#x425;&#x438;&#x43D;&#x441;&#x43E;&#x43D;, &#x42F;. &#x414;&#x436;&#x435;&#x439;&#x43C;&#x441; &#x438; &#x434;&#x440;.</subfield>
    <subfield code="g">&#x438;&#x43B;. &#x414;. &#x42D;&#x448;&#x431;&#x438; &#x438; &#x434;&#x440;.</subfield>
    <subfield code="g">&#x43F;&#x435;&#x440;. &#x441; &#x43D;&#x435;&#x43C;. &#x410;. &#x412;. &#x412;&#x43E;&#x43B;&#x43A;&#x43E;&#x432;&#x430;]</subfield>
  </datafield>
  <datafield tag="210" ind1=" " ind2=" ">
    <subfield code="a">&#x41C;&#x43E;&#x441;&#x43A;&#x432;&#x430;</subfield>
    <subfield code="c">&#x410;&#x421;&#x422;</subfield>
    <subfield code="c">&#x410;&#x441;&#x442;&#x440;&#x435;&#x43B;&#x44C;</subfield>
    <subfield code="d">2008</subfield>
  </datafield>
  <datafield tag="215" ind1=" " ind2=" ">
    <subfield code="a">160 &#x441;.</subfield>
    <subfield code="c">&#x446;&#x432;. &#x438;&#x43B;.</subfield>
    <subfield code="d">27</subfield>
  </datafield>
  <datafield tag="225" ind1="1" ind2=" ">
    <subfield code="a">&#x412;&#x441;&#x435; &#x43E;&#x431;&#x43E; &#x432;&#x441;&#x435;&#x43C;</subfield>
  </datafield>
  <datafield tag="320" ind1=" " ind2=" ">
    <subfield code="a">&#x410;&#x43B;&#x444;. &#x443;&#x43A;&#x430;&#x437;. : &#x441;. 158-160</subfield>
  </datafield>
  <datafield tag="330" ind1=" " ind2=" ">
    <subfield code="a">&#x41F;&#x43E;&#x447;&#x435;&#x43C;&#x443; &#x432;&#x44B;&#x43C;&#x435;&#x440;&#x43B;&#x438; &#x434;&#x438;&#x43D;&#x43E;&#x437;&#x430;&#x432;&#x440;&#x44B;? &#x413;&#x434;&#x435; &#x43D;&#x430;&#x445;&#x43E;&#x434;&#x438;&#x442;&#x441;&#x44F; &#x441;&#x442;&#x430;&#x440;&#x435;&#x439;&#x448;&#x438;&#x439; &#x432; &#x43C;&#x438;&#x440;&#x435; &#x442;&#x435;&#x430;&#x442;&#x440;? &#x41A;&#x43E;&#x433;&#x434;&#x430; &#x43F;&#x440;&#x438;&#x43C;&#x435;&#x43D;&#x438;&#x43B;&#x438; &#x43F;&#x435;&#x440;&#x432;&#x44B;&#x439; &#x442;&#x430;&#x43D;&#x43A;? &#x42D;&#x442;&#x430; &#x43A;&#x43D;&#x438;&#x433;&#x430; &#x43F;&#x43E;&#x43C;&#x43E;&#x436;&#x435;&#x442; &#x434;&#x435;&#x442;&#x44F;&#x43C; &#x43D;&#x430;&#x439;&#x442;&#x438; &#x43E;&#x442;&#x432;&#x435;&#x442;&#x44B; &#x43D;&#x430; &#x44D;&#x442;&#x438; &#x438; &#x43C;&#x43D;&#x43E;&#x433;&#x438;&#x435; &#x434;&#x440;&#x443;&#x433;&#x438;&#x435; &#x438;&#x43D;&#x442;&#x435;&#x440;&#x435;&#x441;&#x443;&#x44E;&#x449;&#x438;&#x435; &#x432;&#x43E;&#x43F;&#x440;&#x43E;&#x441;&#x44B;.</subfield>
  </datafield>
  <datafield tag="608" ind1=" " ind2=" ">
    <subfield code="a">&#x42D;&#x43D;&#x446;&#x438;&#x43A;&#x43B;&#x43E;&#x43F;&#x435;&#x434;&#x438;&#x438; &#x434;&#x43B;&#x44F; &#x434;&#x435;&#x442;&#x435;&#x439;</subfield>
    <subfield code="9">2363029</subfield>
    <subfield code="3">RU\NLR\auth\661410942</subfield>
  </datafield>
  <datafield tag="686" ind1=" " ind2=" ">
    <subfield code="a">&#x428;9:&#x42F;20(2)</subfield>
    <subfield code="2">rubbk</subfield>
  </datafield>
  <datafield tag="686" ind1=" " ind2=" ">
    <subfield code="a">&#x428;9</subfield>
    <subfield code="b">&#x42F;20</subfield>
  </datafield>
  <datafield tag="701" ind1=" " ind2="1">
    <subfield code="a">&#x424;&#x44D;&#x440;&#x43D;&#x434;&#x43E;&#x43D;</subfield>
    <subfield code="b">&#x414;.</subfield>
    <subfield code="g">&#x414;&#x436;&#x43E;&#x43D;</subfield>
    <subfield code="4">070</subfield>
  </datafield>
  <datafield tag="701" ind1=" " ind2="1">
    <subfield code="a">&#x425;&#x438;&#x43D;&#x441;&#x43E;&#x43D;</subfield>
    <subfield code="b">&#x41A;.</subfield>
    <subfield code="g">&#x41A;&#x43E;&#x43B;&#x438;&#x43D;</subfield>
    <subfield code="4">070</subfield>
  </datafield>
  <datafield tag="701" ind1=" " ind2="1">
    <subfield code="a">&#x414;&#x436;&#x435;&#x439;&#x43C;&#x441;</subfield>
    <subfield code="b">&#x42F;.</subfield>
    <subfield code="g">&#x42F;&#x43D;</subfield>
    <subfield code="4">070</subfield>
  </datafield>
  <datafield tag="701" ind1=" " ind2="1">
    <subfield code="a">&#x414;&#x436;&#x43E;&#x43D;&#x441;&#x43E;&#x43D;</subfield>
    <subfield code="b">&#x414;.</subfield>
    <subfield code="g">&#x414;&#x436;&#x438;&#x43D;&#x43D;&#x438;</subfield>
    <subfield code="4">070</subfield>
  </datafield>
  <datafield tag="702" ind1=" " ind2="1">
    <subfield code="a">&#x42D;&#x448;&#x431;&#x438;</subfield>
    <subfield code="b">&#x414;.</subfield>
    <subfield code="g">&#x414;&#x44D;&#x432;&#x438;&#x434;</subfield>
    <subfield code="4">040</subfield>
  </datafield>
  <datafield tag="801" ind1=" " ind2="0">
    <subfield code="a">RU</subfield>
    <subfield code="b">&#x41B;&#x418;&#x411;&#x41D;&#x415;&#x422;</subfield>
    <subfield code="c">20081211</subfield>
  </datafield>
  <datafield tag="801" ind1=" " ind2="1">
    <subfield code="a">RU</subfield>
    <subfield code="b">&#x420;&#x413;&#x414;&#x411;</subfield>
    <subfield code="c">20081218</subfield>
  </datafield>
  <datafield tag="801" ind1=" " ind2="2">
    <subfield code="a">RU</subfield>
    <subfield code="b">NLR</subfield>
    <subfield code="c">20090423</subfield>
    <subfield code="g">rcr</subfield>
  </datafield>
  <datafield tag="830" ind1=" " ind2=" ">
    <subfield code="a">CODE_OF_LIBNET\000017440</subfield>
  </datafield>
  <datafield tag="942" ind1=" " ind2=" ">
    <subfield code="c">BOOK</subfield>
  </datafield>
  <datafield tag="980" ind1=" " ind2=" ">
    <subfield code="a">NB</subfield>
  </datafield>
  <datafield tag="995" ind1=" " ind2=" ">
    <subfield code="5">2009-04-23</subfield>
    <subfield code="a">ad</subfield>
    <subfield code="b">NLR01</subfield>
    <subfield code="c">NLR01</subfield>
    <subfield code="e">RF9</subfield>
    <subfield code="f">2907157</subfield>
    <subfield code="k">2009-7/2574</subfield>
    <subfield code="o">0</subfield>
    <subfield code="r">BOOK</subfield>
    <subfield code="s">200972574_</subfield>
  </datafield>
  <datafield tag="995" ind1=" " ind2=" ">
    <subfield code="5">2009-04-23</subfield>
    <subfield code="a">ad</subfield>
    <subfield code="b">NLR01</subfield>
    <subfield code="c">NLR01</subfield>
    <subfield code="e">OUT02</subfield>
    <subfield code="f">2907158</subfield>
    <subfield code="o">0</subfield>
    <subfield code="r">BOOK</subfield>
  </datafield>
</record>
